Vogel's textbook of quantitative chemical analysis. (Record no. 5320)
[ view plain ]
| 000 -LEADER | |
|---|---|
| fixed length control field | 00891pam a2200277 a 4500 |
| 001 - CONTROL NUMBER | |
| control field | 3398121 |
| 003 - CONTROL NUMBER IDENTIFIER | |
| control field | OSt |
| 005 - DATE AND TIME OF LATEST TRANSACTION | |
| control field | 20161007144108.0 |
| 008 - FIXED-LENGTH DATA ELEMENTS--GENERAL INFORMATION | |
| fixed length control field | 890524s1989 enka b 001 0 eng |
| 010 ## - LIBRARY OF CONGRESS CONTROL NUMBER | |
| LC control number | 89012296 |
| 020 ## - INTERNATIONAL STANDARD BOOK NUMBER | |
| International Standard Book Number | 0582226287 |
| 040 ## - CATALOGING SOURCE | |
| Transcribing agency | DDC. |
| 082 00 - DEWEY DECIMAL CLASSIFICATION NUMBER | |
| Classification number | 543VOG 2000. |
| 100 1# - MAIN ENTRY--PERSONAL NAME | |
| Personal name | Mendham, J...[etal] |
| 9 (RLIN) | 8273 |
| 240 10 - UNIFORM TITLE | |
| Uniform title | Textbook of quantitative chemical analysis |
| 245 10 - TITLE STATEMENT | |
| Title | Vogel's textbook of quantitative chemical analysis. |
| 250 ## - EDITION STATEMENT | |
| Edition statement | 6th ed. |
| 260 ## - PUBLICATION, DISTRIBUTION, ETC. (IMPRINT) | |
| Place of publication, distribution, etc. | Harlow England : |
| Name of publisher, distributor, etc. | Prentice Hall |
| Date of publication, distribution, etc. | 2000 |
| 300 ## - PHYSICAL DESCRIPTION | |
| Extent | xxv, 806p. : |
| Other physical details | ill. ; |
| Dimensions | 25cm. |
| 504 ## - BIBLIOGRAPHY, ETC. NOTE | |
| Bibliography, etc | Includes bibliographies and index. |
| 650 #0 - SUBJECT ADDED ENTRY--TOPICAL TERM | |
| Topical term or geographic name as entry element | Chemistry, Analytic |
| 9 (RLIN) | 8274 |
| 700 1# - ADDED ENTRY--PERSONAL NAME | |
| Personal name | Jeffery, G. H., |
| Dates associated with a name | 1909- |
| 9 (RLIN) | 8275 |
| 700 1# - ADDED ENTRY--PERSONAL NAME | |
| Personal name | Vogel, Arthur Israel. |
| Title of a work | Vogel's textbook of quantitative inorganic analysis. |
| 9 (RLIN) | 8276 |
| 906 ## - LOCAL DATA ELEMENT F, LDF (RLIN) | |
| a | 7 |
| b | cbc |
| c | orignew |
| d | 1 |
| e | ocip |
| f | 19 |
| g | y-gencatlg |
| 942 ## - ADDED ENTRY ELEMENTS (KOHA) | |
| Source of classification or shelving scheme | Dewey Decimal Classification |
| Koha item type | Open Shelf |
| Withdrawn status | Lost status | Source of classification or shelving scheme | Damaged status | Not for loan | Home library | Current library | Date acquired | Source of acquisition | Inventory number | Total Checkouts | Total Renewals | Full call number | Barcode | Date last seen | Date last checked out | Price effective from | Koha item type |
|---|---|---|---|---|---|---|---|---|---|---|---|---|---|---|---|---|---|
| Dewey Decimal Classification | MUST Main Library | MUST Main Library | 07/10/2016 | 11/33391 | 2 | 1 | 543VOG 2000. | 2016-4657 | 09/03/2020 | 19/02/2020 | 07/10/2016 | Open Shelf |
